000 01262cam a2200229 4500
001 ABS62971
008 000000n2000 000 0 eng u
035 _a(Sirsi) u109167
100 _aBarrie, G.
245 _aProperty and porn
260 _c2000
490 _aProperty Week
_v65(43) 3 November 2000, 48-52(5)
520 _aDescribes the findings of a Property Week investigation into the property men within the secretive porn barons' empires. The investigation found that these operators control up to £750m of property between them. They often work together on deals and joint ventures, funding their investment activities by the proceeds from sex shops and magazines. Discusses the likely effects on these operators of the recent easing of the 'R' restriction, which lifts Britain's bar on the sale of hardcore pornography. This promises to boost the value of their property kingdoms. Looks at the activities of David and Ralph Gold, owners of Ann Summers and backers of the entrepreneurial Greenwich House Properties.
590 _aABS
650 _aPROPERTY WEEK
650 _aPORN INDUSTRY
650 _aCENSORSHIP
650 _aGREENWICH HOUSE PROPERTIES
650 _aSOHO
690 _aPROPERTY-COMMERCIAL PROPERTY
942 _n0
999 _c65181
_d65181